000 00407nam a2200169Ia 4500
003 GCL
008 140319s9999 xx 000 0 eng d
040 _aGCL /
_cGCL
082 0 4 _aCH
_b796.32
_bD B
100 1 _aDAIVSON, LCNDA
245 1 0 _aBASKETBALL /
_cDAIVSON, LCNDA
260 _a[S.N] :
_bLIBRAIRIE DU LIBAN ،
_c1990
300 _a48
650 0 4 _aSPORTS
650 0 4 _aCHILDREN
942 _2ddc
_cBK
999 _c17302
_d17302